000 02258nam0a2200409 4500
001 RU\NLR\bibl\983575
005 20250614215148.0
010 _a5-7677-0912-2
_9500
021 _aRU
_b2006-42194
_92108
035 _a(nilc)RSL-KNO-002910150
035 _a(NLR Aleph) 000971453
090 _a401854
_c401854
100 _a20060731d2006 |||y0rusy50 ca
101 0 _arus
102 _aRU
105 _aa |||||||||
106 _ar
200 1 _aПрогнозирование конкурентоспособности продукции в региональной социально-экономической системе
_fВ.Н. Чайников
_gМ-во образования и науки Рос. Федерации, Федер. агентство по образованию, Федер. гос. образоват. учреждение высш. проф. образования "Чуваш. гос. ун-т им. И.Н. Ульянова"
210 _aЧебоксары
_cИзд-во Чувашского университета
_d2006
215 _a149 с.
_cил., табл.
_d21
320 _aБиблиогр.: с. 142-145 (71 назв.)
606 1 _aПродукция
_xКонкурентоспособность
_92127582
_3RU\NLR\auth\661284011
610 0 _aЭкономика -- Российская Федерация -- Промышленность -- Продукция -- Качество -- Конкурентоспособность
610 0 _aЭкономика -- Российская Федерация -- Чувашская Республика -- Промышленность -- Продукция -- Качество -- Конкурентоспособность
610 0 _aконкурентоспособность продукции
610 0 _aконкурентоспособность региона
686 _aУ9(2)301-823.2-13,0
_2rubbk
686 _aУ9(2Р-6Чу)301-823.2-13,0
_2rubbk
686 _aУ9(2)-13(2Р)
700 1 _aЧайников
_bВ. Н.
_gВалерий Николаевич
_4070
801 0 _aRU
_bРКП
_c20060731
_grcr
801 1 _aRU
_bРГБ
_c20060731
801 2 _aRU
_bNLR
_c20060913
_grcr
942 _cBOOK
980 _aNB
980 _aNBR